000 00508nam a2200181Ia 4500
003 GCL
008 140319s9999 xx 000 0 ara d
040 _aGCL /
_cGCL
082 0 4 _aط
_b813.0872
_bح ل
100 1 _aحسن سليمان
245 1 0 _aلغز عميل البنك /
_cحسن سليمان
300 _a94 ص
490 _aقصص بوليسية للاولاد
_v0
650 0 4 _aالاطفال
650 0 4 _aالقصص البوليسية
650 0 4 _aقصص الاطفال
942 _2ddc
_cBK
999 _c50842
_d50842